000 00667nam a2200229Ia 4500
001 15664
003 GE_BSU
008 181216s||||||||xx |||||||||||||| ||und||
040 _cGE_BSU
080 _a821.353.1-1
100 _aძნელაძე, გივი
245 _aმარადი მგზავრი
245 _bლექსები
245 _cრედ.თ.არაბული
260 _aთბილისი
260 _bსაბჭ. საქართველო
260 _c1977
300 _a105გვ. ; 14სმ
653 _aლექსები
653 _aმარადი მგზავრი
942 _cBK
999 _c48763
_d48763